[Event "Schachfestival Basel"]
[Site "?"]
[Date "2017.01.02"]
[Round "1.24"]
[White "Fehr, Axel"]
[Black "Filipovic, Branko"]
[Result "0-1"]
[WhiteElo "2148"]
[BlackElo "2402"]
[PlyCount "62"]
[EventDate "2017.01.??"]
[EventType "swiss"]
[EventRounds "9"]

1. c4 Nc6 2. g3 e5 3. Bg2 g6 4. Nc3 Bg7 5. d3 Nf6 6. e4 d6 7. Nge2 O-O 8. O-O
Be6 9. Nd5 Nd7 10. Be3 Nd4 11. Qd2 c6 12. Bxd4 exd4 13. Ndf4 a5 14. Nxe6 fxe6
15. f4 Nc5 16. Bh3 Qb6 17. Kh1 Qb4 18. Qc2 e5 19. Ng1 Rae8 20. f5 d5 21. cxd5
cxd5 22. Rac1 b6 23. exd5 e4 24. fxg6 Nxd3 25. Rf7 hxg6 26. Rxf8+ Rxf8 27. Be6+
Kh7 28. Nh3 Qe7 29. Rd1 Qf6 30. Bg4 Bh6 31. Be6 Qf3+ 0-1

[Event "Schachfestival Basel"]
[Site "?"]
[Date "2017.01.02"]
[Round "1.25"]
[White "Beukema, Stefan"]
[Black "Ditter, Juergen"]
[Result "1-0"]
[WhiteElo "2398"]
[BlackElo "2140"]
[PlyCount "117"]
[EventDate "2017.01.??"]
[EventType "swiss"]
[EventRounds "9"]

1. e4 e5 2. Nf3 Nc6 3. Bc4 Nf6 4. d3 Be7 5. Bb3 O-O 6. c3 d6 7. Nbd2 Na5 8. Bc2
c5 9. Nf1 Nc6 10. Ng3 Re8 11. O-O h6 12. h3 Bf8 13. a4 a6 14. Nd2 Rb8 15. f4
exf4 16. Rxf4 d5 17. Rf2 d4 18. Ndf1 b5 19. axb5 axb5 20. Nf5 Bxf5 21. Rxf5 c4
22. Ng3 g6 23. Rf1 dxc3 24. bxc3 cxd3 25. Qxd3 Qxd3 26. Bxd3 Nd7 27. Rb1 b4 28.
cxb4 Rxb4 29. Rxb4 Bxb4 30. Bxh6 Nde5 31. Bb1 Bf8 32. Bg5 Bg7 33. Ne2 Rb8 34.
Nc3 Ng4 35. Nd5 Bd4+ 36. Kh1 Kg7 37. Bh4 Nge5 38. Bc2 Ra8 39. Bf6+ Kh6 40. Kh2
Ra1 41. Rxa1 Bxa1 42. Ba4 Bd4 43. Kg3 g5 44. Bxc6 Nxc6 45. Bxd4 Nxd4 46. Ne7
Nc2 47. e5 Kg7 48. Nf5+ Kg6 49. Kg4 Ne1 50. Ne7+ Kg7 51. Kxg5 Nxg2 52. Nf5+ Kf8
53. h4 Ne1 54. Kf6 Ng2 55. Kg5 Kg8 56. h5 Ne1 57. Kf6 Nf3 58. Nh6+ Kh7 59. Nxf7
1-0

[Event "Schachfestival Basel"]
[Site "?"]
[Date "2017.01.02"]
[Round "1.26"]
[White "Jaber, Daniel"]
[Black "Anwesh, Upadhyaya"]
[Result "0-1"]
[WhiteElo "2135"]
[BlackElo "2384"]
[PlyCount "108"]
[EventDate "2017.01.??"]
[EventType "swiss"]
[EventRounds "9"]

1. e4 c6 2. d4 g6 3. Bd3 Bg7 4. c3 d6 5. Nf3 Nd7 6. O-O e5 7. Nbd2 Qc7 8. Re1
Ngf6 9. a4 O-O 10. Nf1 Re8 11. dxe5 dxe5 12. h3 Nc5 13. Bc2 a5 14. b4 Ne6 15.
Ng5 axb4 16. Nxe6 Bxe6 17. cxb4 Rad8 18. Qf3 Nh5 19. Qc3 Nf4 20. Be3 Qe7 21.
Bc5 Qg5 22. Qg3 Qxg3 23. fxg3 Nd3 24. Bxd3 Rxd3 25. g4 Red8 26. b5 cxb5 27.
axb5 Bf8 28. Bf2 Rb3 29. b6 Bc4 30. Ne3 Be6 31. Nf1 Ba3 32. Rad1 Rc8 33. Re3
Rc1 34. Rxc1 Bxc1 35. Re1 Bg5 36. Ra1 Bd7 37. h4 Be7 38. g5 f6 39. gxf6 Bxf6
40. Nd2 Rb4 41. g3 Kf7 42. Ra8 Bc6 43. Rb8 Ke6 44. g4 Rb2 45. Nc4 Rb1+ 46. Kh2
Bxe4 47. g5 Be7 48. Rh8 Bd5 49. Ne3 Bc6 50. Rxh7 Bxg5 51. Ng2 Be7 52. h5 gxh5
53. Rh6+ Kd7 54. Rxh5 Rb2 0-1

[Event "Schachfestival Basel"]
[Site "?"]
[Date "2017.01.02"]
[Round "1.27"]
[White "Botta, Gabriele"]
[Black "Paul, Mathias"]
[Result "1/2-1/2"]
[WhiteElo "2377"]
[BlackElo "2135"]
[PlyCount "98"]
[EventDate "2017.01.??"]
[EventType "swiss"]
[EventRounds "9"]

1. e4 c5 2. Nf3 Nc6 3. c3 Nf6 4. e5 Nd5 5. d4 cxd4 6. cxd4 d6 7. Bc4 e6 8. Qe2
Be7 9. O-O O-O 10. Re1 a6 11. Nc3 dxe5 12. dxe5 Nxc3 13. bxc3 Qc7 14. Bd3 Bd7
15. Ng5 Bxg5 16. Bxg5 Nxe5 17. Bf4 f6 18. Qh5 h6 19. Bxe5 fxe5 20. Qg6 Rf6 21.
Qh7+ Kf7 22. Re3 Qc5 23. Be2 e4 24. Qxe4 Bc6 25. Qh4 Rf8 26. Bg4 Qd5 27. Qh3 g6
28. Bf3 Qg5 29. Bxc6 bxc6 30. Rae1 Kg7 31. f3 Re8 32. Rd3 Qc5+ 33. Kh1 Re7 34.
Qg3 Qc4 35. Red1 Qxa2 36. Rd8 e5 37. h3 Qf7 38. Ra8 Re8 39. Rxa6 Rfe6 40. Re1
Qf4 41. Qf2 h5 42. Qc2 Rd8 43. Ra7+ Kf6 44. Qf2 Rd2 45. Qg1 Red6 46. Raa1 R6d3
47. Re4 Qg3 48. Rae1 Rxf3 49. R4e3 Rxe3 1/2-1/2

[Event "Schachfestival Basel"]
[Site "?"]
[Date "2017.01.02"]
[Round "1.28"]
[White "Biastoch, Bennet"]
[Black "Kozak, Adam"]
[Result "1/2-1/2"]
[WhiteElo "2134"]
[BlackElo "2376"]
[PlyCount "132"]
[EventDate "2017.01.??"]
[EventType "swiss"]
[EventRounds "9"]

1. e4 e5 2. Nf3 Nc6 3. Bb5 a6 4. Ba4 Nf6 5. O-O Be7 6. Re1 b5 7. Bb3 d6 8. c3
O-O 9. h3 Na5 10. Bc2 c5 11. d4 Nd7 12. Nbd2 exd4 13. cxd4 Nc6 14. Nf1 cxd4 15.
Nxd4 Nxd4 16. Qxd4 Ne5 17. f4 Nc6 18. Qe3 Be6 19. Bd2 Rc8 20. Kh1 Bf6 21. e5
dxe5 22. Rad1 Qd4 23. Qa3 Qb6 24. Ng3 g6 25. Be3 Qa5 26. Ne4 Be7 27. Bc5 Qxa3
28. bxa3 Bxa2 29. Nd6 Rc7 30. Bb6 Rd7 31. fxe5 Be6 32. Bc5 Rfd8 33. Bb6 Rb8 34.
Bc5 Bf8 35. Ne4 Rxd1 36. Bxd1 Bg7 37. Bd6 Rd8 38. Nc5 Nxe5 39. Bxe5 Bxe5 40.
Nxe6 fxe6 41. Bb3 Bd6 42. Rxe6 Kg7 43. Kg1 a5 44. a4 Bc5+ 45. Kf1 Rd3 46. Rc6
Rxb3 47. Rxc5 bxa4 48. Rxa5 a3 49. Ra6 g5 50. Kf2 h5 51. g3 Kf7 52. h4 gxh4 53.
gxh4 Ke7 54. Ra5 Rb2+ 55. Kf3 a2 56. Kf4 Kd6 57. Ra6+ Kc5 58. Kg5 Kb4 59. Kxh5
Rg2 60. Kh6 Kb3 61. h5 Rg4 62. Rxa2 Kxa2 63. Kh7 Kb3 64. h6 Kc4 65. Kh8 Kd5 66.
h7 Ke5 1/2-1/2

[Event "Schachfestival Basel"]
[Site "?"]
[Date "2017.01.02"]
[Round "1.30"]
[White "Ramaraju, N."]
[Black "Mesaros, Florian"]
[Result "0-1"]
[WhiteElo "2124"]
[BlackElo "2372"]
[PlyCount "70"]
[EventDate "2017.01.??"]
[EventType "swiss"]
[EventRounds "9"]

1. d4 d5 2. c4 e6 3. Nc3 c6 4. e3 Nf6 5. Nf3 Nbd7 6. Qc2 Bd6 7. Be2 O-O 8. O-O
dxc4 9. Bxc4 b5 10. Be2 Bb7 11. Rd1 Qc7 12. a3 Rfe8 13. Bd2 e5 14. dxe5 Nxe5
15. Nxe5 Bxe5 16. g3 a6 17. Bf3 c5 18. Bxb7 Qxb7 19. Be1 Re6 20. Qd3 Rae8 21.
Qf1 h5 22. Qg2 Qb8 23. Rab1 h4 24. Nd5 Ng4 25. Qh3 hxg3 26. hxg3 Rg6 27. Qh4
Qb7 28. Qh1 Qb8 29. Qh4 Bd6 30. b3 Qc8 31. Qh1 Rh6 32. Qg2 Rh2 33. Qf1 Qe6 34.
Qd3 Qh6 35. Nf6+ Qxf6 0-1

[Event "Schachfestival Basel"]
[Site "?"]
[Date "2017.01.02"]
[Round "1.31"]
[White "Akshat, Kamparia"]
[Black "Nguyen, Kevin"]
[Result "1-0"]
[WhiteElo "2358"]
[BlackElo "2122"]
[PlyCount "51"]
[EventDate "2017.01.??"]
[EventType "swiss"]
[EventRounds "9"]

1. d4 g6 2. c4 Nf6 3. Nc3 Bg7 4. e4 d6 5. Be2 O-O 6. Bg5 c6 7. Qd2 a6 8. f4 b5
9. a3 Nbd7 10. e5 Ne8 11. Nf3 Nb6 12. c5 dxc5 13. dxc5 Qxd2+ 14. Nxd2 f6 15.
exf6 exf6 16. Bh4 Nd7 17. Nb3 Nc7 18. Bf3 Bb7 19. O-O-O Rad8 20. Na5 Nxc5 21.
b4 Nd3+ 22. Kc2 Nxf4 23. Nxb7 Rde8 24. Bxc6 Re6 25. Bf3 f5 26. Rhe1 1-0

[Event "Schachfestival Basel"]
[Site "?"]
[Date "2017.01.02"]
[Round "1.32"]
[White "Martig, Markus"]
[Black "Van Foreest, Lucas"]
[Result "0-1"]
[WhiteElo "2104"]
[BlackElo "2356"]
[PlyCount "66"]
[EventDate "2017.01.??"]
[EventType "swiss"]
[EventRounds "9"]

1. d4 Nf6 2. c4 e6 3. Nf3 b6 4. Bf4 Bb7 5. e3 Be7 6. h3 O-O 7. Nc3 d5 8. Bd3 c5
9. O-O Nbd7 10. cxd5 cxd4 11. d6 Bxf3 12. gxf3 e5 13. dxe7 Qxe7 14. exd4 exf4
15. Re1 Qb4 16. Qd2 Rfd8 17. Qxf4 Nc5 18. Rad1 Qxb2 19. dxc5 Qxc3 20. cxb6 axb6
21. Bc4 Rf8 22. Re7 Qc2 23. Rc1 Qg6+ 24. Kh2 Ra4 25. Qc7 Rxc4 26. Qxc4 Ng4+ 27.
Qxg4 Qd6+ 28. Kg2 Qxe7 29. Rc6 b5 30. Qf5 Qb7 31. Qc5 b4 32. Qb6 Qa8 33. Qxb4
Qxc6 0-1

[Event "Schachfestival Basel"]
[Site "?"]
[Date "2017.01.02"]
[Round "1.33"]
[White "Warmerdam, Max"]
[Black "Kutschenko, Roland"]
[Result "1-0"]
[WhiteElo "2350"]
[BlackElo "2101"]
[PlyCount "113"]
[EventDate "2017.01.??"]
[EventType "swiss"]
[EventRounds "9"]

1. e4 e5 2. Nf3 Nc6 3. Bb5 Nd4 4. Nxd4 exd4 5. d3 c6 6. Bc4 d5 7. Bb3 Be7 8.
O-O Nf6 9. e5 Ng4 10. Qe2 Qc7 11. Bf4 Be6 12. h3 g5 13. Bg3 Nh6 14. Bh2 Nf5 15.
c4 dxc4 16. Bxc4 Qd7 17. Nd2 h5 18. Rac1 g4 19. hxg4 hxg4 20. Qxg4 O-O-O 21.
Bxe6 fxe6 22. Nf3 Rdg8 23. Qe4 Bd8 24. Rc4 Bb6 25. Rfc1 Kb8 26. a4 a6 27. b4
Qg7 28. g3 Rh7 29. Rxc6 bxc6 30. Rxc6 Qb7 31. Rxe6 Rf7 32. Rxb6 Qxb6 33. e6 Rb7
34. Qxf5 Ka7 35. Qe5 Qxb4 36. Nxd4 Rc8 37. g4 Rc1+ 38. Kg2 Qxa4 39. Bf4 Rc8 40.
Be3 Ka8 41. Qd6 Rh8 42. Kg3 Qa1 43. Nf3 Qa4 44. Bd4 Re8 45. Bf6 Qa2 46. Ng5
Reb8 47. Qc6 Qb1 48. Qxa6+ Ra7 49. Qc6+ Rab7 50. Qa4+ Ra7 51. Qe4+ Rab7 52. Nf3
Qa2 53. d4 Ka7 54. d5 Rb4 55. Bd4+ Ka6 56. d6 Qa4 57. d7 1-0

[Event "Schachfestival Basel"]
[Site "?"]
[Date "2017.01.02"]
[Round "1.34"]
[White "Kokje, Joris"]
[Black "Heinz, Timothee"]
[Result "0-1"]
[WhiteElo "2093"]
[BlackElo "2346"]
[PlyCount "58"]
[EventDate "2017.01.??"]
[EventType "swiss"]
[EventRounds "9"]

1. d4 d5 2. c4 e6 3. Nf3 Nf6 4. g3 Be7 5. Bg2 O-O 6. O-O dxc4 7. Qa4 a6 8. Qxc4
b5 9. Qc2 Bb7 10. Bd2 Ra7 11. Nc3 Nbd7 12. Rfd1 Qa8 13. Bf4 Rc8 14. a3 Nb6 15.
Rac1 h6 16. b4 Nfd5 17. Nxd5 Nxd5 18. Ne5 a5 19. Bxh6 gxh6 20. Nxf7 Kxf7 21.
Qh7+ Ke8 22. Qg6+ Kd7 23. e4 Nf4 24. Qxh6 Ne2+ 25. Kf1 Rh8 26. Qg6 Nxc1 27. d5
Qg8 28. dxe6+ Kc8 29. Qf5 Qg5 0-1

[Event "Schachfestival Basel"]
[Site "?"]
[Date "2017.01.02"]
[Round "1.35"]
[White "Bao, Qilin"]
[Black "Probst, Andreas"]
[Result "1-0"]
[WhiteElo "2343"]
[BlackElo "2093"]
[PlyCount "85"]
[EventDate "2017.01.??"]
[EventType "swiss"]
[EventRounds "9"]

1. Nf3 Nf6 2. c4 g6 3. Nc3 Bg7 4. e4 d6 5. d4 O-O 6. h3 e5 7. d5 a5 8. Be3 Na6
9. g4 Nc5 10. Nd2 Bd7 11. Be2 a4 12. h4 Qc8 13. Rg1 a3 14. b3 c6 15. g5 Nh5 16.
Bxc5 dxc5 17. Bxh5 gxh5 18. Qxh5 Qc7 19. O-O-O Qa5 20. Kc2 b5 21. dxc6 Bxc6 22.
cxb5 Bxb5 23. Nxb5 Qxb5 24. Nc4 Rfd8 25. Rxd8+ Rxd8 26. Rd1 Rd4 27. Rxd4 exd4
28. Qxf7+ Kxf7 29. Nd6+ Kg6 30. Nxb5 Kh5 31. Nxa3 Kxh4 32. Nc4 Kxg5 33. a4 h5
34. a5 h4 35. a6 h3 36. Nd2 Kf4 37. Nf1 Kf3 38. a7 Kg2 39. Ng3 Kxf2 40. a8=Q
Kxg3 41. Qg8 h2 42. Qxg7+ Kf2 43. Qh6 1-0

[Event "Schachfestival Basel"]
[Site "?"]
[Date "2017.01.02"]
[Round "1.36"]
[White "Kolb, Markus"]
[Black "Zwahr, Paul"]
[Result "1-0"]
[WhiteElo "2091"]
[BlackElo "2325"]
[PlyCount "105"]
[EventDate "2017.01.??"]
[EventType "swiss"]
[EventRounds "9"]

1. c4 g6 2. g3 Bg7 3. Bg2 Nf6 4. Nc3 O-O 5. e4 d6 6. Nge2 c5 7. d3 Nc6 8. O-O
Ne8 9. Be3 Nd4 10. Rb1 a5 11. a4 Nc7 12. Nd5 Nxe2+ 13. Qxe2 Ne6 14. Qd2 Nd4 15.
Bh6 Nb3 16. Qe3 Bd4 17. Qe2 Bg7 18. Bxg7 Kxg7 19. f4 e6 20. Nc3 Bd7 21. e5 Bc6
22. Bxc6 Nd4 23. Qe3 bxc6 24. exd6 Qxd6 25. Qe5+ Qxe5 26. fxe5 Rfd8 27. Ne4 Nb3
28. Rf3 Ra7 29. Rbf1 Rdd7 30. g4 h6 31. Rh3 Rab7 32. Rff3 Rb4 33. Rh4 Nd4 34.
Rf2 Rxa4 35. Nxc5 Ra1+ 36. Kg2 Rd8 37. Nb7 Rb8 38. Nd6 Ra2 39. Rxf7+ Kg8 40.
Rxh6 Rbxb2+ 41. Kg3 g5 42. Rg6+ Kh8 43. Rxg5 Rg2+ 44. Kf4 Raf2+ 45. Ke4 c5 46.
Rxf2 Rxf2 47. Ne8 Re2+ 48. Kf4 Rf2+ 49. Kg3 Rf3+ 50. Kg2 Rf8 51. Nf6 Ra8 52. h4
a4 53. h5 1-0

[Event "Schachfestival Basel"]
[Site "?"]
[Date "2017.01.02"]
[Round "1.37"]
[White "Faibisovich, Vadim Z"]
[Black "Graeber, Fabien"]
[Result "1-0"]
[WhiteElo "2320"]
[BlackElo "2073"]
[PlyCount "79"]
[EventDate "2017.01.??"]
[EventType "swiss"]
[EventRounds "9"]

1. d4 d5 2. Nf3 Nf6 3. g3 c6 4. Bg2 e6 5. O-O Be7 6. Nbd2 O-O 7. c4 dxc4 8.
Nxc4 b5 9. Nce5 Bb7 10. Qc2 Qb6 11. Bg5 Rc8 12. Nd3 Nbd7 13. b4 Qd8 14. Nc5
Nxc5 15. dxc5 Nd5 16. Bd2 Bf6 17. Rad1 Qe8 18. e4 Nc7 19. Bc3 Be7 20. Be5 a5
21. a3 Na6 22. Qc3 f6 23. Bd6 e5 24. Nh4 Bxd6 25. Rxd6 Rd8 26. Nf5 Bc8 27. Qb3+
Kf8 28. Rxd8 Qxd8 29. Rd1 Qe8 30. Rd6 axb4 31. axb4 Nc7 32. h4 Be6 33. Qd1 g6
34. Ne3 Ke7 35. f4 Ra4 36. f5 Bc4 37. Ng4 gxf5 38. Nxf6 Qa8 39. Rd7+ Kxf6 40.
Qd6+ 1-0

[Event "Schachfestival Basel"]
[Site "?"]
[Date "2017.01.02"]
[Round "1.38"]
[White "Schmider, Niklas"]
[Black "Beeke, Bob"]
[Result "0-1"]
[WhiteElo "2065"]
[BlackElo "2315"]
[PlyCount "78"]
[EventDate "2017.01.??"]
[EventType "swiss"]
[EventRounds "9"]

1. e4 e5 2. Nf3 Nc6 3. Bb5 Nf6 4. d3 Bc5 5. O-O Nd4 6. Ba4 Nxf3+ 7. Qxf3 O-O 8.
Bg5 c6 9. Bb3 d6 10. Nd2 h6 11. Bxf6 Qxf6 12. Qxf6 gxf6 13. a4 Be6 14. Bxe6
fxe6 15. Nb3 Bb6 16. a5 Bc7 17. Nd2 f5 18. b4 d5 19. Rfe1 Kf7 20. Rad1 Rfd8 21.
Nf3 Kf6 22. Kf1 c5 23. c3 cxb4 24. cxb4 Bd6 25. Rb1 Rac8 26. b5 Rc3 27. Ke2
Rc2+ 28. Kf1 Rdc8 29. a6 bxa6 30. bxa6 dxe4 31. dxe4 Bc5 32. Re2 Bb6 33. Rbe1
Ba5 34. Ra1 Rc1+ 35. Rxc1 Rxc1+ 36. Ne1 f4 37. f3 h5 38. Kf2 h4 39. Kf1 Ke7 0-1

[Event "Schachfestival Basel"]
[Site "?"]
[Date "2017.01.02"]
[Round "1.39"]
[White "Schmitz, Thorsten"]
[Black "Bethke, Richard"]
[Result "1-0"]
[WhiteElo "2314"]
[BlackElo "2055"]
[PlyCount "61"]
[EventDate "2017.01.??"]
[EventType "swiss"]
[EventRounds "9"]

1. e4 c5 2. c3 Nf6 3. e5 Nd5 4. d4 cxd4 5. cxd4 Nc6 6. Nf3 d6 7. Be2 dxe5 8.
dxe5 e6 9. O-O Be7 10. Bd2 O-O 11. Nc3 Re8 12. Qa4 Nb6 13. Qe4 Nd7 14. Rfd1 a6
15. h4 Qc7 16. Bf4 b6 17. Bd3 Nf8 18. h5 Bb7 19. Qe2 Nb4 20. Rac1 Nxd3 21. Rxd3
Qb8 22. Ng5 Bxg5 23. Bxg5 h6 24. Bxh6 gxh6 25. Rg3+ Kh8 26. Qg4 Ng6 27. hxg6
Qxe5 28. gxf7 Rec8 29. Qh4 Kh7 30. Qe7 Rf8 31. Qxb7 1-0

[Event "Schachfestival Basel"]
[Site "?"]
[Date "2017.01.02"]
[Round "1.40"]
[White "Ditzler, Juerg"]
[Black "Eichler, Christoph"]
[Result "0-1"]
[WhiteElo "2052"]
[BlackElo "2312"]
[PlyCount "64"]
[EventDate "2017.01.??"]
[EventType "swiss"]
[EventRounds "9"]

1. Nf3 d5 2. d4 Nf6 3. c4 e6 4. Nc3 c5 5. cxd5 Nxd5 6. e4 Nxc3 7. bxc3 cxd4 8.
cxd4 Bb4+ 9. Bd2 Bxd2+ 10. Qxd2 O-O 11. Be2 b6 12. O-O Bb7 13. Qf4 Qf6 14. Qxf6
gxf6 15. Bd3 Rd8 16. Rfd1 Nc6 17. Be2 Nb4 18. e5 f5 19. Rac1 Rac8 20. Bc4 b5
21. Bxb5 Nxa2 22. Rxc8 Rxc8 23. Ra1 Bxf3 24. gxf3 Rc1+ 25. Rxc1 Nxc1 26. Bc4 a5
27. d5 exd5 28. Bxd5 f4 29. Kg2 a4 30. e6 fxe6 31. Bxe6+ Kg7 32. Kh3 Kf6 0-1

[Event "Schachfestival Basel"]
[Site "?"]
[Date "2017.01.02"]
[Round "1.41"]
[White "Gomes, Mary Ann"]
[Black "Bender, Dirk"]
[Result "1-0"]
[WhiteElo "2299"]
[BlackElo "2050"]
[PlyCount "69"]
[EventDate "2017.01.??"]
[EventType "swiss"]
[EventRounds "9"]

1. Nf3 c5 2. c4 g6 3. Nc3 Bg7 4. g3 Nc6 5. Bg2 e6 6. O-O Nge7 7. e4 O-O 8. d3
d6 9. Be3 Nd4 10. Ne1 Rb8 11. Rb1 Nec6 12. f4 a6 13. Nc2 b5 14. cxb5 axb5 15.
Ne2 Nxc2 16. Qxc2 Qa5 17. e5 Nb4 18. Qd2 Qxa2 19. exd6 Na6 20. d4 c4 21. Ra1
Qb3 22. d7 Bxd7 23. Rxa6 b4 24. Nc1 c3 25. Nxb3 cxd2 26. Rd1 Bb5 27. Raa1 Rfc8
28. Rxd2 Bc4 29. Nc5 Rd8 30. b3 Bd5 31. Bxd5 Rxd5 32. Ra4 Bf8 33. Rc2 Bxc5 34.
Rxc5 Rd7 35. Rc4 1-0

[Event "Schachfestival Basel"]
[Site "?"]
[Date "2017.01.02"]
[Round "1.42"]
[White "Schmuki, Roman"]
[Black "Thiel, Thomas"]
[Result "0-1"]
[WhiteElo "2048"]
[BlackElo "2297"]
[PlyCount "42"]
[EventDate "2017.01.??"]
[EventType "swiss"]
[EventRounds "9"]

1. e4 c5 2. c3 d5 3. exd5 Qxd5 4. d4 Nc6 5. Nf3 Bg4 6. Be2 e6 7. O-O Nf6 8. Be3
cxd4 9. cxd4 Be7 10. Nc3 Qd6 11. Qd2 O-O 12. Rad1 Rfd8 13. h3 Bh5 14. g4 Bg6
15. a3 Nd5 16. Bd3 Nxc3 17. Bxg6 Nxd1 18. Bf4 Nxd4 19. Bxh7+ Kf8 20. Nxd4 Qxd4
21. Rxd1 Qf6 0-1

[Event "Schachfestival Basel"]
[Site "?"]
[Date "2017.01.02"]
[Round "1.43"]
[White "Hamblok, Roel"]
[Black "Faraone, Ettore"]
[Result "1-0"]
[WhiteElo "2294"]
[BlackElo "2033"]
[PlyCount "61"]
[EventDate "2017.01.??"]
[EventType "swiss"]
[EventRounds "9"]

1. d4 Nf6 2. Nf3 d6 3. Bf4 h6 4. h3 g5 5. Bh2 c5 6. c3 Qb6 7. Qc2 Nc6 8. e3
cxd4 9. exd4 Bg7 10. Nbd2 Be6 11. Nc4 Bxc4 12. Bxc4 O-O 13. O-O d5 14. Bd3 Rac8
15. Qe2 e6 16. Rab1 Rfe8 17. Ne5 Nxe5 18. Bxe5 Nd7 19. Bxg7 Kxg7 20. f4 e5 21.
fxg5 e4 22. Bb5 Re7 23. gxh6+ Kxh6 24. Bxd7 Rxd7 25. Qg4 Rcc7 26. Rf5 Qg6 27.
Qh4+ Kg7 28. Rg5 Re7 29. Rf1 Re6 30. Rxg6+ Rxg6 31. Qd8 1-0

[Event "Schachfestival Basel"]
[Site "?"]
[Date "2017.01.02"]
[Round "1.44"]
[White "Kopylov, Daniel"]
[Black "Chu, Wei Chao"]
[Result "0-1"]
[WhiteElo "2003"]
[BlackElo "2289"]
[PlyCount "150"]
[EventDate "2017.01.??"]
[EventType "swiss"]
[EventRounds "9"]

1. e4 c5 2. Nf3 d6 3. d4 cxd4 4. Nxd4 Nf6 5. Nc3 a6 6. Be3 e5 7. Nf3 Be7 8. Bc4
O-O 9. O-O Be6 10. Qe2 Nc6 11. Rfd1 b5 12. Bb3 Qc7 13. h3 Na5 14. Ng5 Bc4 15.
Qe1 h6 16. Nf3 Rfd8 17. Bd2 Nxb3 18. axb3 Be6 19. Nd5 Bxd5 20. Ba5 Qxc2 21.
Bxd8 Bxd8 22. exd5 Qxb3 23. Qc3 Qxc3 24. bxc3 Ne4 25. Ra3 Bb6 26. Rda1 Bxf2+
27. Kf1 Rc8 28. Rxa6 Rxc3 29. Nd2 Nxd2+ 30. Kxf2 b4 31. Ke2 Ne4 32. Rb6 Rc4 33.
Ra7 Nc3+ 34. Kf2 Rf4+ 35. Kg1 Nxd5 36. Rxd6 Ne3 37. Rb7 Rf1+ 38. Kh2 Rf2 39.
Kg3 Rf4 40. Kh2 Rf2 41. Kg3 Rf4 42. Kh2 h5 43. Rd3 Nf1+ 44. Kg1 h4 45. Rf3 Rxf3
46. gxf3 Ng3 47. Kf2 g5 48. Rxb4 Kg7 49. Ra4 Kg6 50. Ra6+ Kf5 51. Ra7 f6 52.
Ra5 Nh5 53. Kg2 Nf4+ 54. Kh2 Nd3 55. Kg2 Kf4 56. Ra4+ Ke3 57. Re4+ Kd2 58. Ra4
Nf4+ 59. Kh2 Ke2 60. Ra3 Kf2 61. Rb3 f5 62. Rb5 Nd3 63. Rd5 Ne1 64. Rd2+ Ke3
65. Ra2 Nxf3+ 66. Kg2 e4 67. Ra3+ Kf4 68. Ra5 Ne1+ 69. Kf2 Nd3+ 70. Kg2 g4 71.
hxg4 Kxg4 72. Ra1 f4 73. Ra8 f3+ 74. Kf1 e3 75. Rg8+ Kh3 0-1

[Event "Schachfestival Basel"]
[Site "?"]
[Date "2017.01.02"]
[Round "1.45"]
[White "Meier, Volker"]
[Black "Ernst, Heinz"]
[Result "1-0"]
[WhiteElo "2284"]
[BlackElo "1998"]
[PlyCount "43"]
[EventDate "2017.01.??"]
[EventType "swiss"]
[EventRounds "9"]

1. c4 e6 2. Nf3 d5 3. g3 c5 4. Bg2 Nc6 5. O-O Nf6 6. cxd5 exd5 7. d4 Be7 8. Nc3
O-O 9. Bg5 Be6 10. dxc5 Bxc5 11. Bxf6 Qxf6 12. Nxd5 Qxb2 13. Nc7 Rad8 14. Qc1
Qxc1 15. Raxc1 Bb6 16. Nxe6 fxe6 17. e3 h6 18. Rfd1 Rxd1+ 19. Rxd1 Rd8 20. Rc1
Kf7 21. Kf1 Rd3 22. Rxc6 1-0

[Event "Schachfestival Basel"]
[Site "?"]
[Date "2017.01.02"]
[Round "1.46"]
[White "Lumsdon, Andrew"]
[Black "Bluhm, Sonja Maria"]
[Result "1/2-1/2"]
[WhiteElo "1994"]
[BlackElo "2276"]
[PlyCount "65"]
[EventDate "2017.01.??"]
[EventType "swiss"]
[EventRounds "9"]

1. e4 c5 2. Na3 Nc6 3. Bb5 g6 4. Nf3 Bg7 5. c3 d6 6. O-O Nf6 7. d4 cxd4 8. cxd4
O-O 9. Re1 Bg4 10. Bxc6 bxc6 11. b3 Qa5 12. Bb2 Qh5 13. Nc4 Rfc8 14. Rc1 Bxf3
15. Qxf3 Qxf3 16. gxf3 Nh5 17. e5 Bf8 18. Ba3 c5 19. dxc5 dxc5 20. Rcd1 Nf4 21.
Rd7 e6 22. Re4 Nd5 23. Nd6 Bxd6 24. exd6 Nf6 25. Rb7 Nxe4 26. fxe4 e5 27. Re7
Rc6 28. d7 Kf8 29. Rxe5 Rd8 30. Bxc5+ Kg7 31. Bd4 Kf8 32. Bc5+ Kg7 33. Bd4
1/2-1/2

[Event "Schachfestival Basel"]
[Site "?"]
[Date "2017.01.02"]
[Round "1.47"]
[White "Schneider, Jana"]
[Black "Cholleti, Sahajasri"]
[Result "1/2-1/2"]
[WhiteElo "2274"]
[BlackElo "1987"]
[PlyCount "137"]
[EventDate "2017.01.??"]
[EventType "swiss"]
[EventRounds "9"]

1. e4 c5 2. Nf3 d6 3. Bb5+ Nd7 4. O-O Ngf6 5. Re1 a6 6. Bd3 b6 7. c3 Ne5 8.
Nxe5 dxe5 9. Bc2 g6 10. d3 Bg7 11. Nd2 O-O 12. Nf3 Nh5 13. Be3 Qc7 14. Qe2 Rd8
15. Rac1 Qb8 16. Red1 Nf4 17. Bxf4 exf4 18. d4 Bg4 19. dxc5 bxc5 20. Bb3 e6 21.
h3 Bh5 22. Rxd8+ Qxd8 23. Rd1 Qb6 24. Rd7 Qb5 25. Qd2 Bxf3 26. gxf3 Bf6 27. Bd1
Be5 28. Be2 Qb6 29. Bc4 Rb8 30. b3 Qa5 31. Rd3 Bc7 32. Kg2 Be5 33. Kf1 Kf8 34.
Ke2 Ke8 35. a4 Ra8 36. Kd1 Rd8 37. Kc2 Ra8 38. Qd1 h6 39. Qg1 Rd8 40. Rxd8+
Kxd8 41. Qd1+ Kc7 42. Qd3 Kb7 43. Qd7+ Qc7 44. Qd2 Qa5 45. Bf1 Kc7 46. Qd3 Kb7
47. Qc4 Kb8 48. Bd3 Kb7 49. Kd2 Qb6 50. Ke2 Qa5 51. Kd2 Qb6 52. Bc2 a5 53. Bd3
Kc7 54. Kc2 Kb7 55. Be2 Kc7 56. Qd3 Kc8 57. Qd2 Qd6 58. Bd3 Kc7 59. Qe2 Bf6 60.
Bb5 Kd8 61. Ba6 Qe5 62. Qd3+ Ke7 63. Qc4 Kf8 64. Kd2 Kg7 65. Bb5 Kf8 66. Qd3 h5
67. Qc4 Kg7 68. Be8 Kf8 69. Bb5 1/2-1/2

[Event "Schachfestival Basel"]
[Site "?"]
[Date "2017.01.02"]
[Round "1.48"]
[White "Schultze, Joerg Martin"]
[Black "Rahnfeld, Jens"]
[Result "0-1"]
[WhiteElo "1984"]
[BlackElo "2274"]
[PlyCount "50"]
[EventDate "2017.01.??"]
[EventType "swiss"]
[EventRounds "9"]

1. d4 Nf6 2. c4 g6 3. Nc3 d5 4. cxd5 Nxd5 5. e4 Nxc3 6. bxc3 Bg7 7. Bg5 c5 8.
Rc1 Qa5 9. Qd2 h6 10. Be3 cxd4 11. cxd4 Qxd2+ 12. Kxd2 O-O 13. Bc4 Nc6 14. Ne2
Rd8 15. Rhd1 Nxd4 16. Nxd4 e5 17. Bd5 exd4 18. Ke1 Rxd5 19. exd5 dxe3 20. fxe3
Be5 21. d6 Bd7 22. g3 Rd8 23. Rd3 Bc6 24. Rcd1 f6 25. Kf2 Kf7 0-1

[Event "Schachfestival Basel"]
[Site "?"]
[Date "2017.01.02"]
[Round "1.49"]
[White "Arcuti, Davide"]
[Black "Pajeken, Jakob"]
[Result "1-0"]
[WhiteElo "2269"]
[BlackElo "1977"]
[PlyCount "73"]
[EventDate "2017.01.??"]
[EventType "swiss"]
[EventRounds "9"]

1. d4 d5 2. c4 dxc4 3. e3 e6 4. Bxc4 c5 5. Nf3 Nf6 6. O-O a6 7. a4 Nc6 8. Qe2
Qc7 9. Nc3 Be7 10. Rd1 O-O 11. b3 b6 12. Bb2 Bb7 13. d5 exd5 14. Nxd5 Nxd5 15.
Bxd5 Nb4 16. Bxb7 Qxb7 17. Qc4 Rfd8 18. Qg4 Bf8 19. Ng5 Qc6 20. Rxd8 Rxd8 21.
Nxh7 Qg6 22. Qxg6 fxg6 23. Nxf8 Kxf8 24. Kf1 Rd3 25. Rb1 Kf7 26. Be5 Rd2 27.
Bc3 Rc2 28. Bxb4 cxb4 29. Rd1 Ke6 30. Rd8 Rc3 31. Rb8 Rxb3 32. Rxb6+ Kf5 33.
Ke2 Rb2+ 34. Kf3 b3 35. Rxa6 Ra2 36. Rb6 b2 37. a5 1-0

[Event "Schachfestival Basel"]
[Site "?"]
[Date "2017.01.02"]
[Round "1.50"]
[White "Braeunlin, Klaus"]
[Black "Nandhidhaa, PV."]
[Result "1-0"]
[WhiteElo "1965"]
[BlackElo "2268"]
[PlyCount "43"]
[EventDate "2017.01.??"]
[EventType "swiss"]
[EventRounds "9"]

1. e4 c5 2. Nf3 e6 3. d4 cxd4 4. Nxd4 a6 5. Be2 Nf6 6. Nc3 Qc7 7. O-O Bb4 8.
Bf3 Bxc3 9. bxc3 Qxc3 10. Rb1 Nc6 11. Nxc6 dxc6 12. Qd6 Nd7 13. Ba3 Qf6 14.
Rfd1 e5 15. Qc7 Qd8 16. Qd6 Qf6 17. Bg4 Qxd6 18. Rxd6 Nf6 19. Bxc8 Rxc8 20.
Rxb7 O-O 21. Rxf6 Rb8 22. Rfxf7 1-0